|
|
|
|
| LEADER |
01518nam a2200373 a 4500 |
| 001 |
EBC1190901 |
| 003 |
MiAaPQ |
| 005 |
20200520144314.0 |
| 006 |
m o d | |
| 007 |
cr cn||||||||| |
| 008 |
130603s2013 sg ad sb 000 0 eng d |
| 020 |
|
|
|z 9782869785540
|
| 020 |
|
|
|a 9782869785656 (electronic bk.)
|
| 035 |
|
|
|a (MiAaPQ)EBC1190901
|
| 035 |
|
|
|a (Au-PeEL)EBL1190901
|
| 035 |
|
|
|a (CaPaEBR)ebr10701907
|
| 035 |
|
|
|a (CaONFJC)MIL753591
|
| 035 |
|
|
|a (OCoLC)850161813
|
| 040 |
|
|
|a MiAaPQ
|c MiAaPQ
|d MiAaPQ
|
| 043 |
|
|
|a fs-----
|
| 050 |
|
4 |
|a DT1019
|b .V35 2013
|
| 245 |
0 |
0 |
|a Values and development in Southern Africa
|h [electronic resource] /
|c edited by Hans Muller, Pinkie Mekgwe, Marvellous Mhloyi.
|
| 260 |
|
|
|a Dakar, Senegal :
|b Council for the Development of Social Science Research in Africa,
|c 2013.
|
| 300 |
|
|
|a 255 p. :
|b ill. (some col.)
|
| 504 |
|
|
|a Includes bibliographical references.
|
| 505 |
0 |
|
|a section I. Introducing the issues -- section II. Theoretical reflections -- section III. Exploratory empirical investigations.
|
| 533 |
|
|
|a Electronic reproduction. Ann Arbor, MI : ProQuest, 2015. Available via World Wide Web. Access may be limited to ProQuest affiliated libraries.
|
| 651 |
|
0 |
|a Africa, Southern
|x History.
|
| 655 |
|
4 |
|a Electronic books.
|
| 700 |
1 |
|
|a Muller, Hans.
|
| 700 |
1 |
|
|a Mekgwe, Pinkie.
|
| 700 |
1 |
|
|a Mhloyi, Marvellous.
|
| 710 |
2 |
|
|a ProQuest (Firm)
|
| 856 |
4 |
0 |
|u https://ebookcentral.proquest.com/lib/matrademy/detail.action?docID=1190901
|z Click to View
|